000 00306nam a22001337a 4500
008 210226b ||||| |||| 00| 0 eng d
020 _a9781319044770
041 _aeng
080 _29th
_a541
100 _a12
101 _aKIM
245 _aQuantitative Chemical Analysis
_cHarris, C.D
942 _2udc
_cBK
999 _c55293
_d55293